000 00972cam a2200325 i 4500
001 000004092
003 DO-SdBNP
005 20251217085315.0
007 ta
008 950314s1992 sp 001 1 spa d
020 _a8401324815
040 _aDO-SdBNP
_bspa
_cBNPHU
_erda
041 1 7 _aspa
_heng
_2Código de idioma MARC
082 4 _a813.54
_bC712a
_222
100 1 _aCollins, Larry.
_910551
_4aut.
_eautor
240 1 0 _aBlack eagles.
_lEspañol
245 1 0 _aAguilas negras /
_cLarry Collins.
264 _aBarcelona :
_bPlaza & Janés,
_c1992.
300 _a600 páginas ;
_c21 cm.
336 _atexto
_btxt
_2rdacontent
337 _asin mediación
_bn
_2rdacontent
338 _avolumen
_bnc
_0
_2rdacarrier
534 _pTítulo original:
_tBlack eagles
650 4 _aLiteratura estadounidense
_9263
650 4 _aNovela estadounidense
_9262
910 _aJornada de catalogación
910 _aCatalogación derivada
910 _aWM
942 _2ddc
_cLBS1
999 _c3910
_d3910